000 00675nam a2200265Ia 4500
003 OSt
005 20221006145808.0
006 a|||||r|||| 00| 0
007 ta
008 221006b |||||||| |||| 00| 0 eng d
020 _c688.00
024 _a15,965
037 _cTextual
040 _aEASL
_cEASL
_beng
041 _2eng
_aeng
082 _aY:f, M8
100 _aHAGE Jerald
_9134210
245 0 _aSocial causality
260 _aBoston
_bUnwin Hyman
_c1988
300 _a219p.
_ccm.
490 _v Oth
700 _a MEEKER Barbara Foley
_9655258
942 _hY:f, M8
_cTEXL
_2CC
999 _c1084051
_d1084051